| 000 | 00365nam a2200145 a 4500 | ||
|---|---|---|---|
| 005 | 20140414131852.0 | ||
| 008 | 100807s19uu xx 00 eng d | ||
| 050 |
_aM 745.54 _bL99 1991 |
||
| 100 | _aLynn, Sara | ||
| 245 | _aPlay with paper. | ||
| 260 |
_bTwo Can, _c1991. |
||
| 650 | _aPaper arts | ||
| 650 | _aPaper work --Juvenile literature. | ||
| 999 |
_c110249 _d110249 |
||